Diseño digital con aplicaciones / (Registro nro. 29489)
[ vista simple ]
| 000 -LÍDER | |
|---|---|
| fixed length control field | 00681nam a22002177a 4500 |
| 003 - IDENTIFICADOR DEL NÚMERO DE CONTROL | |
| control field | ITZ |
| 005 - FECHA Y HORA DE LA ULTIMA TRANSACCIÓN | |
| Campo de control | 20240603165330.0 |
| 008 - ELEMENTOS DE LONGITUD FIJA -- INFORMACIÓN GENERAL | |
| fixed length control field | 240603b |||||||| |||| 00| 0 spa d |
| 020 ## - NÚMERO INTERNACIONAL NORMALIZADO PARA LIBROS | |
| ISBN | 978-607-744-937-9 |
| 035 ## - Número de ficha (Janium) | |
| Número de ficha (Janium) | 17775 |
| 041 ## - CÓDIGO DE IDIOMA | |
| Código de idioma para texto/pista de sonido o título separado | spa |
| 050 ## - SIGNATURA TOPOGRAFICA DE LA BIBLIOTECA DEL CONGRESO (LC) | |
| Número de Clasificación | TK7868.D5 |
| Cutter | A227 - 2018 |
| 082 ## - NUMERO DE CLASIFICACION DECIMAL DEWEY | |
| Número de Clasificación | 621.3815 |
| Cutter | A118d - 2018 |
| 100 1# - ASIENTO PRINCIPAL--NOMBRE PERSONAL | |
| Nombre personal | Abarca Jiménez, Griselda Stephany |
| 245 ## - TÍTULO | |
| Título | Diseño digital con aplicaciones / |
| Mención de responsabilidad, etc. | Griselda Stephany Abarca Jiménez, Leonel German Corona Ramírez, Jesús Mares Carreño |
| 250 ## - MENCIÓN DE EDICIÓN | |
| Mención de edición | 1a ed. |
| 260 ## - PUBLICACIÓN, DISTRIBUCIÓN, ETC. (PIE DE IMPRENTA) | |
| Lugar de publicación, distribución, etc. | México: |
| Nombre del editor, distribuidor, etc. | Patria, |
| Fecha de publicación, distribución, etc. | 2018 |
| 300 ## - DESCRIPCIÓN FÍSICA | |
| Extensión | 262 p. |
| Otros detalles físicos | il ./ |
| Dimensiones | 27 cm. |
| 650 ## - ASIENTO SECUNDARIO DE MATERIA - TERMINO TEMÁTICO | |
| Término temático o nombre geográfico como elemento de entrada | 1. ELECTRONICA DIGITAL \ 2. DISEÑO INDUSTRIAL |
| 942 ## - TIPO DE MATERIAL (KOHA) | |
| Koha item type | Libros |
| No. biblioteca | No. biblioteca | Número de clasificación | Código de barras/Número de adquisición | Número de copia | Tipo de material | Otras carreras |
|---|---|---|---|---|---|---|
| ÁREA DE ELECTROMECÁNICA | LUIS G. INCLAN | 621.3815 A118d - 2018 | 55033 | 1 | Libros | LUIS G. INCLAN |
